000 00663nam a22001937a 4500
999 _c17188
_d17188
003 AR-CdUCM
008 190507b ||||| |||| 00| 0 spa d
040 _aMUNICIPALIDAD PROVINCIAL DEL CUSCO
_cBIBLIOTECA MUNICIPAL DEL CUSCO
082 _a989.2 /
_bC26
100 _aCardozo, Efraín
_937056
245 _aBreve historia de Paraguay /
260 _aBuenos Aires :
_bUniversitaria,
_c1965.
300 _a169 páginas ;
_c18 cm.
505 _aEl territorio -- Las cultura primitivas -- Descubrimiento y conquista -- Las grandes fundaciones -- Hernandarias...
650 _aParaguay.
_914205
650 _aHistoria.
_9136
942 _2ddc
_cLIBROS
945 _awfj